HTML pro začátečníky

Guardado en:
Detalles Bibliográficos
Autor principal: Milda, Miroslav (Autor)
Formato: Libro
Lenguaje:checo
Publicado: České Budějovice : Kopp nakladatelství, 1999
Etiquetas: Agregar Etiqueta
Sin Etiquetas, Sea el primero en etiquetar este registro!

MARC

LEADER 00000nam a22000003a 4500
001 stu295450
005 20150617230317.2
008 140820s--------xr------------------cze-d
020 |a 80-7232-052-1 
040 |a STU  |b slo 
041 0 |a cze 
044 |a xr 
100 1 |a Milda, Miroslav  |4 aut 
245 1 |a HTML pro začátečníky 
260 |a České Budějovice :  |b Kopp nakladatelství,  |c 1999 
300 |a 111 s 
996 |b 284IK06712  |c I*11WD10381  |l I  |s A  |a 24  |w stu295450_0002 
996 |b 284IK06923  |c I*11WD8337  |l I  |s A  |a 24  |w stu295450_0003